Państwa Afryki leżące w całości na półkuli północnej - Statystyki

Ogólne statystyki
  • Ten quiz został rozwiązany 25 razy
    9 od ostatniego zresetowania
  • Średni wynik to 23 z 29
Statystyki odpowiedzi
Państwa % Poprawnych
Algieria
100%
Czad
100%
Egipt
100%
Libia
100%
Maroko
100%
Niger
100%
Nigeria
100%
Tunezja
100%
Burkina Faso
88%
Erytrea
88%
Mali
88%
Senegal
88%
Sudan
88%
Sudan Południowy
88%
Benin
75%
Etiopia
75%
Gwinea
75%
Liberia
75%
Mauretania
75%
Togo
75%
Wybrzeże Kości Słoniowej
75%
Dżibuti
63%
Ghana
63%
Gwinea Bissau
63%
Kamerun
63%
Sierra Leone
63%
Gambia
50%
RŚA/Republikaśrodkowoafrykańska
50%
Wyspy Zielonego Przylądka/Republika Zielonego Przylądka
38%
Nie znaleziono quizów pasujących do podanych kryteriów
Rozkład punktacji
Procent ludzi z każdym wynikiem
Percentyl według liczby udzielonych odpowiedzi
Twoja historia wyników
Nie rozwiązałeś tego quizu od ostatniego zresetowania